000 00524nam a22001697a 4500
005 20251108164028.0
008 250721s1988 xx 000 0 ara d
082 1 4 _a001.644/ويز
100 1 _aويزنبوم، جوزيف
245 1 0 _aقدرة الكمبيوتر و العقل البشري /
264 1 _aدمشق :
_bدار طلاس للدراسات والترجمه،
_c1988.
300 _a327ص.
650 1 7 _aالحواسيب
700 1 _aالجابي، صبحي
_eترجمة
942 _2ddc
_cBK
999 _c1828
_d1828